Mosby's pocket dictionary of medicine, nursing and health professions / (Record no. 121746)

MARC details
000 -LEADER
fixed length control field 00926cam a22002654a 4500
003 - CONTROL NUMBER IDENTIFIER
control field OSt
005 - DATE AND TIME OF LATEST TRANSACTION
control field 20240304093549.0
008 - FIXED-LENGTH DATA ELEMENTS--GENERAL INFORMATION
fixed length control field
020 ## - INTERNATIONAL STANDARD BOOK NUMBER
International Standard Book Number 9780323414326 (paperback)
040 ## - CATALOGING SOURCE
Original cataloging agency NUST
Transcribing agency NUST
Language of cataloging eng
Modifying agency NUST
Description conventions rda
050 ## - LIBRARY OF CONGRESS CALL NUMBER
Classification number REF R 121 MOS
245 00 - TITLE STATEMENT
Title Mosby's pocket dictionary of medicine, nursing and health professions /
Statement of responsibility, etc. edited by Maries T. O'Toole.
250 ## - EDITION STATEMENT
Edition statement Eighth edition.
260 ## - PUBLICATION, DISTRIBUTION, ETC.
Place of publication, distribution, etc. St. Louis :
Name of publisher, distributor, etc. Elsevier,
Date of publication, distribution, etc. c2017.
300 ## - PHYSICAL DESCRIPTION
Extent xvi, 1470 pages ;
Dimensions 19 cm.
336 ## - CONTENT TYPE
Content type term text
Content type code txt
Source rdacontent
337 ## - MEDIA TYPE
Media type term unmediated
Media type code n
Source rdamedia
338 ## - CARRIER TYPE
Carrier type term volume
Carrier type code n
Source rdacarrier
650 #0 - SUBJECT ADDED ENTRY--TOPICAL TERM
Topical term or geographic name entry element Medicine
Form subdivision Dictionaries.
650 #0 - SUBJECT ADDED ENTRY--TOPICAL TERM
Topical term or geographic name entry element Nursing
Form subdivision Dictionaries.
650 #0 - SUBJECT ADDED ENTRY--TOPICAL TERM
Topical term or geographic name entry element Health
Form subdivision Dictionaries.
700 ## - ADDED ENTRY--PERSONAL NAME
Personal name O'Toole, Mary T.,
-- editor.
907 ## - LOCAL DATA ELEMENT G, LDG (RLIN)
a .b10401659
b 01-03-22
c 29-04-21
942 ## - ADDED ENTRY ELEMENTS (KOHA)
Koha item type Reference Material
Call number prefix REF R121
Call number suffix MOS
Source of classification or shelving scheme Library of Congress Classification
Edition Eighth Edition
Classification part REF R121 MOS
Suppress in OPAC No
Holdings
Date last seen Total Checkouts Full call number Barcode Cost, replacement price Price effective from Koha item type Lost status Source of classification or shelving scheme Damaged status Not for loan Collection Withdrawn status Home library Current library Shelving location Date acquired Cost, normal purchase price Accession number Public note Source of acquisition
01/23/2023   REF R121 MOS 92004049670 80.00 01/23/2023 BOOKS   LCC     NFIC   MAIN MAIN GEN 01/23/2023 80.00 56702 Donation Book Aid International
01/20/2023   REF R 121 MOS 92004051326 80.00 01/20/2023 BOOKS   LCC     NFIC   MEDICAL MEDICAL GEN 01/20/2023 80.00      
01/20/2023   REF R 121 MOS 92004051309 80.00 01/20/2023 BOOKS   LCC     NFIC   MEDICAL MEDICAL GEN 01/20/2023 80.00